[Event "Brno festival"]
[Site "?"]
[Date "2015.08.25"]
[Round "4"]
[White "Polak, Tomas"]
[Black "Strebkovs, Andrejs"]
[Result "1-0"]
[WhiteElo "2524"]
[BlackElo "2358"]
[PlyCount "83"]

1. d4 c5 2. d5 g6 3. e4 d6 4. c4 Bg7 5. Nc3 e6 6. Bd3 Ne7 7. h3 exd5 8. cxd5
O-O 9. Nf3 a6 10. a4 f5 11. exf5 Nxf5 12. O-O h6 13. Bf4 Nd4 14. Nxd4 cxd4 15.
Ne2 Qf6 16. Qd2 g5 17. Bh2 Nd7 18. f4 Qe7 19. fxg5 hxg5 20. Rxf8+ Nxf8 21. Re1
Qe3+ 22. Qxe3 dxe3 23. Bxd6 Bxb2 24. a5 Nd7 25. Rf1 Bg7 26. Rf5 Ne5 27. Rxe5
Bxe5 28. Bxe5 Bd7 29. Nc3 Re8 30. Bd4 Bb5 31. Nxb5 e2 32. Bxe2 Rxe2 33. Nd6 Rd2
34. Bb6 Rxd5 35. Nxb7 Kf7 36. Nc5 Ke7 37. Nxa6 Kd7 38. Nc7 Rd1+ 39. Kh2 Kc6 40.
Ne6 Rd5 41. Kg3 Rd6 42. Nxg5 1-0

[Event "Brno festival"]
[Site "?"]
[Date "2015.08.25"]
[Round "4"]
[White "Fiala, Vaclav"]
[Black "Zwardon, Vojtech"]
[Result "0-1"]
[WhiteElo "2241"]
[BlackElo "2398"]
[PlyCount "150"]

1. d4 Nf6 2. Nf3 e6 3. c4 b6 4. Nc3 Bb7 5. Bg5 Bb4 6. Qb3 a5 7. a3 a4 8. Qc2
Bxc3+ 9. bxc3 h6 10. Bxf6 Qxf6 11. Nd2 c5 12. e3 d6 13. Rb1 Nd7 14. Ne4 Qe7 15.
Bd3 d5 16. cxd5 exd5 17. Ng3 O-O 18. Nf5 Qf6 19. Bb5 Rfd8 20. O-O Ba6 21. Rfc1
Bxb5 22. Rxb5 Re8 23. Ng3 Qc6 24. Rb2 b5 25. Rcb1 Ra5 26. Qe2 cxd4 27. cxd4 Rb8
28. Nf5 Qf6 29. Qf3 g6 30. Nxh6+ Kg7 31. Qh3 Qd6 32. Rb4 Rc8 33. g3 Rc3 34.
Rxb5 Rxb5 35. Rxb5 Rc1+ 36. Kg2 Qe7 37. Qg4 Kxh6 38. Rb7 f5 39. Qf4+ Kg7 40. e4
Rc6 {(R)} 41. exf5 Rd6 42. Kf1 g5 43. Qe5+ Nxe5 44. Rxe7+ Nf7 45. Ra7 Rc6 46.
Rxa4 Nh6 47. Ra5 {(R)} Rd6 48. Ke2 Nxf5 49. Kd3 g4 50. Ra8 Rb6 51. Rd8 Rb3+ 52.
Kd2 Nxd4 53. a4 Nf3+ 54. Kc2 Ra3 55. Rxd5 Rxa4 56. Kd3 Nxh2 57. Ke3 Kf6 58. Rb5
Nf3 59. Rb8 Nd4 60. Rd8 Ne6 61. Rb8 Ra3+ 62. Ke2 Nd4+ 63. Kd2 Nf3+ 64. Ke2 Ne5
65. Rf8+ Ke6 66. Rf4 Kd5 67. Kd2 Rf3 68. Ke2 Rxf4 69. gxf4 Nc6 70. Ke3 Ne7 71.
f5 Ke5 72. f6 Nf5+ 73. Kd3 Kxf6 74. Ke4 Kg5 75. Ke5 Nd4 0-1

[Event "Brno festival"]
[Site "?"]
[Date "2015.08.25"]
[Round "4"]
[White "Roubalik, Jakub"]
[Black "Skacelik, Petr"]
[Result "1-0"]
[WhiteElo "2379"]
[BlackElo "2172"]
[PlyCount "81"]

1. d4 Nf6 2. c4 g6 3. Nc3 Bg7 4. e4 d6 5. Nge2 O-O 6. Ng3 e5 7. d5 a5 8. Be2
Na6 9. h4 h6 10. Be3 Nc5 11. Qd2 Kh7 12. h5 g5 13. b3 Ng4 14. Bxg4 Bxg4 15. Rb1
Bd7 16. Qc2 b6 17. Nf5 Bf6 18. g4 Be7 19. O-O Bxf5 20. exf5 Kg7 21. a3 Nd7 22.
f3 Nf6 23. b4 Qd7 24. Kg2 Rfb8 25. Kg3 Kg8 26. Rfd1 Ra6 27. c5 axb4 28. c6 Qc8
29. axb4 Rba8 30. Qb2 Bd8 31. Ra1 Kf8 32. Kf2 Ke8 33. Ke2 R8a7 34. Kf2 Qa8 35.
Rxa6 Rxa6 36. Kg3 Ra7 37. Qb3 Ra3 38. Qc4 Qa6 39. Nb5 Qa4 40. Re1 Qb3 41. Nxa3
1-0

[Event "Brno festival"]
[Site "?"]
[Date "2015.08.25"]
[Round "4"]
[White "Lanc, Alois"]
[Black "Kozusek, Daniel"]
[Result "0-1"]
[WhiteElo "2290"]
[BlackElo "2347"]
[PlyCount "64"]

1. e4 e6 2. d4 d5 3. Nc3 Bb4 4. e5 c5 5. a3 Bxc3+ 6. bxc3 Ne7 7. Qg4 Qc7 8.
Qxg7 Rg8 9. Qxh7 cxd4 10. Ne2 Nbc6 11. f4 Bd7 12. h4 dxc3 13. h5 O-O-O 14. Qd3
Nf5 15. h6 Rg6 16. h7 Rh8 17. Qxc3 d4 18. Qc5 Kb8 19. Rb1 b6 20. Rh3 Qb7 21.
Qc4 Na5 22. Qd3 Bc6 23. Nxd4 Nxd4 24. Qxd4 Bxg2 25. Qd6+ Ka8 26. Rd3 Bxf1 27.
Qd8+ Qb8 28. Qxb8+ Kxb8 29. Kxf1 Rxh7 30. Rf3 Rh1+ 31. Ke2 Rgg1 32. Kd2 Rd1+
0-1

[Event "Brno festival"]
[Site "?"]
[Date "2015.08.25"]
[Round "4"]
[White "Chudinovskikh, Alexander"]
[Black "Pokorny, Petr"]
[Result "1/2-1/2"]
[WhiteElo "2275"]
[BlackElo "2164"]
[PlyCount "99"]

1. d4 d5 2. Nf3 c6 3. c4 e6 4. g3 f5 5. Bg2 Nf6 6. O-O Bd6 7. b3 Qe7 8. a4 a5
9. Ba3 b6 10. Bxd6 Qxd6 11. Nbd2 Nbd7 12. Qc2 O-O 13. Rac1 Ne4 14. Rfd1 Ba6 15.
Qb2 Rac8 16. Ne5 Nxd2 17. Rxd2 Nxe5 18. dxe5 Qe7 19. e3 Rfd8 20. Bf1 Bb7 21.
Rcd1 Kf7 22. Bg2 Qc7 23. b4 axb4 24. Qxb4 Ba6 25. c5 b5 26. Bf1 Rb8 27. Qf4 Qa5
28. axb5 Bxb5 29. Bxb5 Rxb5 30. g4 g6 31. Qg5 Re8 32. Qf6+ Kg8 33. gxf5 Qd8 34.
Qxd8 Rxd8 35. f6 Ra8 36. Rc2 g5 37. Kg2 Kf7 38. Kg3 Kg6 39. h4 h6 40. hxg5 hxg5
41. Kg4 Rh8 42. f4 gxf4 43. exf4 Rb3 44. Rg1 Rbh3 45. f5+ Kf7 46. Kf4 R3h4+ 47.
Rg4 exf5 48. Rxh4 Rxh4+ 49. Kg5 Rh1 50. Kxf5 {a remíza v 66. tahu. JK} 1/2-1/2

[Event "Brno festival"]
[Site "?"]
[Date "2015.08.25"]
[Round "4"]
[White "Vyskocil, Neklan"]
[Black "Popper, Tomas"]
[Result "1-0"]
[WhiteElo "2376"]
[BlackElo "2034"]
[PlyCount "107"]

1. e4 e5 2. Nf3 Nf6 3. Nxe5 d6 4. Nf3 Nxe4 5. Nc3 Nxc3 6. dxc3 Be7 7. Bf4 Nc6
8. Qd2 Be6 9. O-O-O a6 10. Kb1 Qd7 11. h3 h6 12. Be2 O-O-O 13. Nd4 Nxd4 14.
Qxd4 Bf6 15. Qb4 Qc6 16. Bf3 d5 17. Be2 Rhe8 18. Be3 Bd7 19. Bf3 Be6 20. Bd4
Be7 21. Qa5 Bf8 22. Rhe1 Qb5 23. Qxb5 axb5 24. b3 b4 25. cxb4 Bxb4 26. Re3 Bf8
27. Kb2 c5 28. Rc3 c4 29. Re3 b5 30. Rde1 Kd7 31. Re5 f6 32. Rxe6 Rxe6 33. Bg4
Rde8 34. a4 bxa4 35. bxa4 Bb4 36. c3 Ba5 37. h4 h5 38. Bf5 g6 39. Bxe6+ Rxe6
40. Rxe6 Kxe6 41. Kc2 g5 42. hxg5 fxg5 43. Kd2 Kf5 44. Ke3 Bc7 45. Bc5 Ke6 46.
f3 Bf4+ 47. Ke2 Bc7 48. Bb4 Bb6 49. a5 Ba7 50. Ba3 g4 51. fxg4 hxg4 52. Bc1 Kf6
53. Be3 Bxe3 54. Kxe3 1-0

[Event "Brno festival"]
[Site "?"]
[Date "2015.08.25"]
[Round "4"]
[White "Tovarek, Antonin"]
[Black "Dvorak, Adam"]
[Result "0-1"]
[WhiteElo "1972"]
[BlackElo "2230"]
[PlyCount "94"]

1. e4 c5 2. Nf3 e6 3. d4 cxd4 4. Nxd4 Nf6 5. Nc3 d6 6. Bc4 Qc7 7. Bb3 a6 8. a4
Nbd7 9. Bg5 Be7 10. O-O O-O 11. f4 Nc5 12. Re1 Nxb3 13. cxb3 Qb6 14. Kh1 h6 15.
Bxf6 Bxf6 16. e5 Bh4 17. a5 Qa7 18. Re4 Rd8 19. Qg4 Be7 20. Rd1 dxe5 21. fxe5
Bd7 22. Rf1 Rf8 {(R)} 23. Ref4 Qc5 24. Qh5 Bg5 25. Re4 Kh7 26. h4 Bf6 27. Qe2
Be7 28. Ref4 Rad8 29. Ne4 Qd5 30. Qd3 Kg8 31. Qf3 Qxe5 32. Re1 Qxd4 33. Nf6+
Qxf6 34. Rxf6 Bxf6 35. Qxb7 Bb5 36. Qe4 Rd4 37. Qf3 Rxh4+ 38. Kg1 Bd4+ 39. Re3
Rd8 40. g3 Bxe3+ 41. Qxe3 Rhd4 42. Qe5 Rd2 43. Qc7 Be2 44. Qf4 h5 45. Qg5 Bg4
46. b4 Rd1+ 47. Kf2 R8d2+ 0-1

[Event "Brno festival"]
[Site "?"]
[Date "2015.08.25"]
[Round "4"]
[White "Novosadova, Kristyna"]
[Black "Zpevakova, Jana"]
[Result "1/2-1/2"]
[WhiteElo "2226"]
[BlackElo "1997"]
[PlyCount "83"]

1. e4 e6 2. d4 d5 3. Nc3 Bb4 4. e5 c5 5. a3 Bxc3+ 6. bxc3 Ne7 7. Nf3 b6 8. Bb5+
Bd7 9. Be2 Ba4 10. O-O c4 11. h4 Nbc6 12. h5 h6 13. g3 Kd7 14. Nh4 Qg8 15. Kh2
Qh7 16. Ra2 Rag8 17. Bg4 Kc7 18. f4 g6 19. hxg6 Nxg6 20. Ng2 Qg7 21. Bf3 h5 22.
f5 Nge7 23. fxe6 Qxg3+ 24. Kg1 fxe6 25. Qe1 Qg6 26. Kh2 h4 27. Nf4 Qg3+ 28.
Qxg3 hxg3+ 29. Kg1 Nd8 30. Nh5 Bc6 31. Bf4 Nf5 32. Nf6 Rg7 33. Bg4 Kb7 34. Rf3
g2 35. Rf2 Nh4 36. Bg3 Ba4 37. Bxh4 Rxh4 38. Rxg2 Rg6 39. Rg3 Rg5 {(R)} 40. Kg2
Rh8 41. Rb2 Rh6 42. Ra2 1/2-1/2

[Event "Brno festival"]
[Site "?"]
[Date "2015.08.25"]
[Round "4"]
[White "Vechet, Stanislav"]
[Black "Kubala, Karel"]
[Result "1/2-1/2"]
[WhiteElo "2168"]
[BlackElo "1955"]
[PlyCount "34"]

1. d4 Nf6 2. g3 d5 3. Bg2 c5 4. Nf3 cxd4 5. Nxd4 e5 6. Nb3 Be6 7. O-O Qb6 8. c3
Be7 9. N1d2 Nc6 10. Nf3 h6 11. Be3 Qc7 12. Bc5 O-O 13. Bxe7 Qxe7 14. Qc2 Rac8
15. e3 b6 16. Rfd1 Qd7 17. Nc1 Bg4 1/2-1/2

[Event "Brno festival"]
[Site "?"]
[Date "2015.08.25"]
[Round "4"]
[White "Straka, Vojtech"]
[Black "Meszaros, Ludek"]
[Result "0-1"]
[WhiteElo "1770"]
[BlackElo "2123"]
[PlyCount "84"]

1. e4 c5 2. Nf3 d6 3. d4 cxd4 4. Nxd4 Nf6 5. Nc3 g6 6. Be3 Bg7 7. Bd3 O-O 8.
O-O Ng4 9. Qd2 Nxe3 10. Qxe3 Nc6 11. Nxc6 bxc6 12. f4 Qa5 13. Qe1 Qb6+ 14. Kh1
Qxb2 15. e5 dxe5 16. Rb1 Qa3 17. fxe5 Qa5 18. Ne2 Qxe1 19. Rbxe1 Bxe5 20. Nf4
Bd6 21. Bc4 Bf5 22. Nd3 a5 23. Ne5 Bxe5 24. Rxe5 e6 25. Rf2 Rfd8 26. h3 Rd4 27.
Rc5 Be4 28. Kh2 Bd5 29. Bxd5 cxd5 30. Rc7 Rf8 31. Ra7 a4 32. Rf3 Rc4 33. c3 Kg7
34. Re7 g5 35. Kg1 Kg6 36. Kf2 Re4 37. Rb7 f5 38. Re3 Rc8 39. Rxe4 fxe4 40. Rb4
Rxc3 41. Rxa4 Rc2+ 42. Kg3 h5 0-1

[Event "Brno festival"]
[Site "?"]
[Date "2015.08.25"]
[Round "4"]
[White "Musil, Jiri"]
[Black "Krejci, Petr"]
[Result "1/2-1/2"]
[WhiteElo "2122"]
[BlackElo "2047"]
[PlyCount "64"]

1. d4 d5 2. c4 dxc4 3. Nf3 Nf6 4. e3 e6 5. Bxc4 a6 6. O-O Nbd7 7. Bb3 b5 8. a4
Bb7 9. Nbd2 c5 10. e4 cxd4 11. e5 Ng4 12. Re1 Nc5 13. h3 Nh6 14. Nf1 Nf5 15. g4
Nh4 16. N1h2 d3 17. Bg5 Nxf3+ 18. Nxf3 Be7 19. Bxe7 Qxe7 20. Re3 O-O 21. Ne1 d2
22. Qxd2 h5 23. axb5 axb5 24. Rxa8 Rxa8 25. Bd1 hxg4 26. Bxg4 Ra1 27. Bf3 Qg5+
28. Kh2 Qf4+ 29. Kg2 Qg5+ 30. Kh2 Ne4 31. Qd4 Qf4+ 32. Kg2 Qg5+ 1/2-1/2

[Event "Brno festival"]
[Site "?"]
[Date "2015.08.25"]
[Round "4"]
[White "Markovic, Ivan"]
[Black "Zeman, Arnost"]
[Result "1-0"]
[WhiteElo "2157"]
[BlackElo "1969"]
[PlyCount "29"]

1. e4 c5 2. Nf3 a6 3. c4 d6 4. d4 cxd4 5. Nxd4 Nf6 6. Nc3 e6 7. Be2 Be7 8. O-O
O-O 9. Be3 Bd7 10. f4 Nc6 11. Nxc6 Bxc6 12. Bd3 Qc7 13. Rc1 Rac8 14. g4 Nd7 15.
g5 {Mobil!} 1-0

[Event "Brno festival"]
[Site "?"]
[Date "2015.08.25"]
[Round "4"]
[White "Kuchynka, Lubos"]
[Black "Janous, Petr"]
[Result "0-1"]
[WhiteElo "1980"]
[BlackElo "1883"]
[PlyCount "124"]

1. d4 d5 2. c4 c6 3. Nc3 dxc4 4. e3 b5 5. a4 b4 6. Ne4 Qd5 7. Ng3 Nf6 8. Nf3 e6
9. Be2 Ba6 10. O-O Bd6 11. Ne1 O-O 12. f4 Rd8 13. Nc2 Be7 14. Qe1 c3 15. bxc3
bxc3 16. Ba3 Bxa3 17. Rxa3 Bxe2 18. Nxe2 c5 19. Rxc3 Nbd7 20. dxc5 Nxc5 21. Nb4
Qd6 22. Nd4 Nxa4 23. Rc6 Qd7 24. Qa1 Nb6 25. Nd3 Nbd5 26. Ne5 Qe8 27. Qa3 Nd7
28. Ra6 Qf8 29. Nec6 Qxa3 30. Rxa3 Re8 31. Rb1 g6 32. g3 e5 33. Nb5 a6 34. Nba7
exf4 35. exf4 Re2 36. Rb7 Nc5 37. Rb1 Rc8 38. Ra5 Rc2 39. Rb8 Rxb8 40. Nxb8 Ne3
41. Ra3 Re2 42. Nxa6 Ne4 43. Rxe3 Rxe3 44. Nc6 Re2 45. Nab4 Nd2 46. Nd4 Re3 47.
Kf2 Ra3 48. Nbc2 Ne4+ 49. Ke2 Ra2 50. Ke3 Nc5 51. Kf3 Nb3 52. h3 Nxd4+ 53. Nxd4
Ra3+ 54. Kf2 Kg7 55. Nf3 Ra2+ 56. Kf1 h6 57. Nd4 Kf6 58. Ne2 Kf5 59. g4+ Ke6
60. Kf2 Kd5 61. h4 Ke4 62. Ke1 Rxe2+ 0-1

[Event "Brno festival"]
[Site "?"]
[Date "2015.08.25"]
[Round "4"]
[White "Zeman, Radek"]
[Black "Stehlik, Jiri"]
[Result "1/2-1/2"]
[WhiteElo "1866"]
[BlackElo "1979"]
[PlyCount "96"]

1. e4 d6 2. d4 Nf6 3. Nc3 g6 4. Nf3 Bg7 5. h3 O-O 6. Bd3 c6 7. Be3 Qc7 8. O-O
e5 9. dxe5 dxe5 10. Qd2 Nbd7 11. Rad1 b6 12. Rfe1 Bb7 13. a4 a6 14. Bc4 b5 15.
axb5 cxb5 16. Bd5 b4 17. Na4 Nxd5 18. exd5 Qd6 19. c4 bxc3 20. bxc3 f5 21. c4
f4 22. c5 fxe3 23. fxe3 Nxc5 24. Qb4 Bxd5 25. e4 Nxe4 26. Qxd6 Nxd6 27. Rxd5
Nc4 28. Rc5 Rac8 29. Rc1 e4 30. R1xc4 Rxc5 31. Nxc5 Rc8 32. Rxe4 Rxc5 33. Ra4
a5 34. Nd4 Bxd4+ 35. Rxd4 Kf7 36. Rd7+ Kf6 37. Rxh7 Rc2 38. Ra7 Ra2 39. Ra6+
Kg5 40. h4+ Kxh4 41. Rxg6 a4 42. Kh2 a3 43. Ra6 Ra1 44. Ra4+ Kg5 45. g3 Kf5 46.
Kg2 a2 47. Kh2 Ke5 48. g4 Kf6 1/2-1/2

[Event "Brno festival"]
[Site "?"]
[Date "2015.08.25"]
[Round "4"]
[White "Spodny, Josef"]
[Black "Jurak, Stanislav"]
[Result "1/2-1/2"]
[WhiteElo "1959"]
[BlackElo "1835"]
[PlyCount "55"]

1. e4 e6 2. d4 d5 3. e5 c5 4. c3 Nc6 5. Nf3 Qb6 6. a3 Nge7 7. b4 cxd4 8. cxd4
Ng6 9. Bd3 Bd7 10. Be3 Be7 11. O-O O-O 12. Nc3 Rfc8 13. Na4 Qd8 14. Nc5 Rab8
15. Rc1 a6 16. Qb3 Na7 17. a4 Nf8 18. Rc2 Qe8 19. Ra2 Rc7 20. Rb1 Rcc8 21. b5
a5 22. Rc2 Bd8 23. Rbc1 Bb6 24. Qb1 h6 25. h3 Qd8 26. Nh2 Be8 27. Ng4 Qe7 28.
Kh2 1/2-1/2

[Event "Brno festival"]
[Site "?"]
[Date "2015.08.25"]
[Round "4"]
[White "Kopecek, Ivan"]
[Black "Krajicek, Filip"]
[Result "0-1"]
[WhiteElo "1952"]
[BlackElo "1663"]
[PlyCount "108"]

1. e4 c5 2. Nf3 e6 3. d4 cxd4 4. Nxd4 a6 5. Bd3 Qc7 6. O-O Nf6 7. Qe2 Be7 8.
Nc3 b6 9. e5 Ng8 10. f4 Bc5 11. Be3 d6 12. exd6 Bxd6 13. Ne4 Nf6 14. Nxd6+ Qxd6
15. Rad1 Nbd7 16. Bc4 Qc7 17. Nf5 O-O 18. Nd6 Nc5 19. f5 e5 20. Bg5 Ncd7 21.
Bxf6 Nxf6 22. Qxe5 Bb7 23. Bb3 Rae8 24. Qg3 Re2 25. Nxb7 Qxb7 26. Qf3 Qe7 27.
h3 Qc5+ 28. Kh2 Rfe8 29. Rd3 Qe5+ 30. Qf4 Qxb2 31. Qc7 R8e7 32. Qxb6 Qe5+ 33.
Kg1 a5 34. Qd4 Qc7 35. Rff3 Re1+ 36. Rf1 R1e2 37. Qf4 Qc5+ 38. Qd4 Qc7 39. Qd6
Qb7 40. Qg3 Qb6+ 41. Kh2 Qc6 42. Rff3 Qc5 43. Rf1 Ne4 44. Qf4 Nf6 45. Rd2 R2e4
46. Qf2 Qe5+ 47. Kg1 Nh5 48. Rdd1 Ng3 49. Rd5 Ne2+ 50. Kh1 Ng3+ 51. Kh2 Nxf1+
52. Kg1 Qh2+ 53. Kxf1 Qh1+ 54. Qg1 Rf4# 0-1

[Event "Brno festival"]
[Site "?"]
[Date "2015.08.25"]
[Round "4"]
[White "Halamka, Radek"]
[Black "Zuziak, Petr"]
[Result "0-1"]
[WhiteElo "1741"]
[BlackElo "1985"]
[PlyCount "90"]

1. d4 Nf6 2. c4 g6 3. Nc3 d5 4. cxd5 Nxd5 5. e4 Nxc3 6. bxc3 Bg7 7. Nf3 c5 8.
Bb5+ Bd7 9. Qa4 O-O 10. Bxd7 Nxd7 11. O-O Nb6 12. Qd1 cxd4 13. cxd4 Nc4 14. Rb1
b6 15. Qd3 Rc8 16. Rd1 Qd7 17. Bf4 Rfd8 18. Bg3 Qa4 19. Qb3 Qxb3 20. axb3 Na3
21. Ra1 Nb5 22. e5 Rc3 23. Rab1 Rc2 24. Rd3 a5 25. Kf1 Nc3 26. Re1 Nd5 27. Bh4
Rdc8 28. Bg5 Ra2 29. Rd2 Ra3 30. Rb2 a4 31. bxa4 Rxa4 32. Rb5 e6 33. Bd2 Bf8
34. Reb1 Rc2 35. R5b2 Rcc4 36. Ke1 Bb4 37. Bxb4 Nxb4 38. Kd2 Nd5 39. Rb3 Kg7
40. R1b2 h6 41. Rc2 Rcb4 42. Rxb4 Rxb4 43. g3 g5 44. g4 Rb3 45. Ke2 Nf4+ 0-1

[Event "Brno festival"]
[Site "?"]
[Date "2015.08.25"]
[Round "4"]
[White "Zikan, Karel"]
[Black "Habina, Martin"]
[Result "0-1"]
[WhiteElo "1735"]
[BlackElo "2010"]
[PlyCount "44"]

1. Nf3 Nf6 2. d4 c5 3. g3 e6 4. Bg2 cxd4 5. Nxd4 Nc6 6. Nxc6 bxc6 7. O-O Be7 8.
c4 d5 9. cxd5 exd5 10. b3 O-O 11. Bb2 Re8 12. Nc3 Bf5 13. Rc1 Rc8 14. Na4 Ne4
15. Bd4 Ba3 16. Bb2 Bxb2 17. Nxb2 Qf6 18. Na4 h5 19. Nc5 Nc3 20. Qd2 Nxe2+ 21.
Kh1 Nxc1 22. Rxc1 Rc7 0-1

[Event "Brno festival"]
[Site "?"]
[Date "2015.08.25"]
[Round "4"]
[White "Kosina, Vladimir"]
[Black "Licka, Vlastimil"]
[Result "0-1"]
[WhiteElo "1734"]
[BlackElo "1950"]
[PlyCount "108"]

1. c4 e5 2. Nc3 f5 3. e4 Nf6 4. d3 fxe4 5. dxe4 Bb4 6. Qc2 Nc6 7. Nf3 Qe7 8.
Bg5 d6 9. a3 Bxc3+ 10. bxc3 h6 11. Be3 Ng4 12. Bd2 Qf7 13. Rb1 O-O 14. Be2 b6
15. Qd3 Nf6 16. O-O Be6 17. Be3 Nd7 18. Nd2 Nc5 19. Qc2 g5 20. f3 Na5 21. Qa2
a6 22. Rb4 Nc6 23. Rbb1 a5 24. Rfd1 Nd7 25. Qb2 Nf6 26. Qc1 Nh5 27. g3 Kh7 28.
Rf1 Rg8 29. Rf2 Bh3 30. Nf1 Nf4 31. Qd2 Be6 32. Bxf4 gxf4 33. Qa2 h5 34. Kh1
Bh3 35. Rg2 Bxg2+ 36. Kxg2 Raf8 37. Qd2 Ne7 38. Kf2 Rg5 39. Ke1 Rfg8 40. Rb5
Qf6 41. Kd1 R8g7 42. Kc2 Ng8 43. Qd5 Nh6 44. Qa8 fxg3 45. hxg3 h4 46. gxh4 Rg2
47. Kd3 Qxh4 48. Rb2 Qf4 49. Ne3 Rf2 50. Qc8 Rh2 51. Qe6 Qf7 52. Qc8 Rg3 53.
Rd2 Rg1 54. Qd8 Rg8 0-1

[Event "Brno festival"]
[Site "?"]
[Date "2015.08.25"]
[Round "4"]
[White "Zitny, Petr"]
[Black "Vavrinkova, Eliska"]
[Result "1/2-1/2"]
[WhiteElo "1848"]
[BlackElo "1695"]
[PlyCount "60"]

1. Nf3 d5 2. g3 Nf6 3. Bg2 c6 4. d3 Bf5 5. O-O Nbd7 6. Bg5 h6 7. Bxf6 Nxf6 8.
Nbd2 e6 9. c3 Be7 10. b4 Rc8 11. Qb3 Qb6 12. a4 O-O 13. Rfb1 Nd7 14. c4 Bf6 15.
Ra2 Rfd8 16. Rc2 Ne5 17. c5 Qc7 18. b5 cxb5 19. axb5 Qe7 20. Nxe5 Bxe5 21. Nf3
Bf6 22. Rbc1 Rc7 23. b6 axb6 24. cxb6 Rxc2 25. Qxc2 Rd7 26. Qa4 Qd8 27. Qb5 Bg6
28. h4 Bh5 29. e3 Bxf3 30. Bxf3 Be5 1/2-1/2

[Event "Brno festival"]
[Site "?"]
[Date "2015.08.25"]
[Round "4"]
[White "Kaplan, Milan"]
[Black "Fryda, Dominik"]
[Result "1-0"]
[WhiteElo "1815"]
[BlackElo "1584"]
[PlyCount "45"]

1. e4 e6 2. d4 d5 3. Nd2 Nf6 4. Bd3 c5 5. e5 Nfd7 6. c3 Be7 7. Ndf3 Nc6 8. Ne2
c4 9. Bc2 O-O 10. Nf4 Re8 11. O-O Nf8 12. g3 Ng6 13. Ng2 f6 14. Bxg6 hxg6 15.
Nfh4 Kf7 16. Qg4 Rh8 17. Qxg6+ Kf8 18. Nf4 fxe5 19. Nh5 Rg8 20. f4 exd4 21. f5
Bxh4 22. fxe6+ Ke7 23. Rf7+ 1-0

[Event "Brno festival"]
[Site "?"]
[Date "2015.08.25"]
[Round "4"]
[White "Effenberger, Adam"]
[Black "Dvorakova, Olga"]
[Result "0-1"]
[WhiteElo "1785"]
[BlackElo "1446"]
[PlyCount "136"]

1. e4 c5 2. Nf3 Nc6 3. Bb5 d6 4. Bxc6+ bxc6 5. O-O Nf6 6. c3 Nxe4 7. d4 cxd4 8.
cxd4 e6 9. Qc2 d5 10. Qxc6+ Bd7 11. Qa6 Be7 12. Ne5 Qc7 13. Bf4 Qc8 14. Qa5 O-O
15. Rc1 Qd8 16. Qxd8 Rfxd8 17. Rc7 Bd6 18. Rxd7 Rxd7 19. Nxd7 Bxf4 20. b4 Bc1
21. a4 Bb2 22. Ra2 Bxd4 23. Rc2 Rd8 24. Na3 Bxf2+ 25. Kf1 f6 26. Nc5 Bxc5 27.
bxc5 Rc8 28. c6 Kf8 29. c7 a6 30. Rc6 Ke7 31. Ke2 Kd7 32. Rxa6 Rxc7 33. Nb5
Rc2+ 34. Kf3 Rf2+ 35. Ke3 Rxg2 36. h4 Ra2 37. Ra7+ Kc8 38. Rxg7 Rxa4 39. Rxh7
e5 40. h5 Ng5 41. Rh6 d4+ 42. Ke2 Ra6 43. Rh8+ Kd7 44. h6 Kc6 45. Nxd4+ exd4
46. h7 {(R)} Nxh7 47. Rxh7 Kd5 48. Rf7 Ke5 49. Re7+ Re6 50. Rf7 Ke4 51. Ra7 f5
52. Ra4 f4 53. Ra3 Rc6 54. Rb3 Rc2+ 55. Ke1 d3 56. Rb8 Kf3 57. Rd8 Rc3 58. Kd2
Ra3 59. Rf8 Kg3 60. Rg8+ Kf2 61. Rd8 f3 62. Rg8 Kf1 63. Rf8 f2 64. Rg8 Ra2+ 65.
Kd1 Ra6 66. Kd2 Rh6 67. Rf8 Rh2 68. Ra8 Kg1 0-1

[Event "Brno festival"]
[Site "?"]
[Date "2015.08.25"]
[Round "4"]
[White "Barak, David"]
[Black "Dumkova, Daniela"]
[Result "0-1"]
[WhiteElo "1625"]
[BlackElo "1777"]
[PlyCount "136"]

1. d4 Nf6 2. Nf3 e6 3. Bg5 d5 4. Nbd2 Nbd7 5. e3 c5 6. c3 b6 7. Bd3 Be7 8. O-O
Bb7 9. Qe2 O-O 10. Rfe1 Ne4 11. Bxe7 Qxe7 12. Rad1 Rac8 13. Ba6 Ndf6 14. Bxb7
Qxb7 15. Nxe4 Nxe4 16. Nd2 Nf6 17. Nf3 b5 18. Rb1 a5 19. Rec1 b4 20. h3 c4 21.
a3 Ne4 22. Nd2 Nf6 23. Qd1 b3 24. Qe2 Nd7 25. Re1 Nb6 26. Rbd1 Na4 27. Nb1 f5
28. f4 Qf7 29. Rd2 Qf6 30. Qf3 Kf7 31. Ree2 Rg8 32. Kf1 g5 33. Qh5+ Qg6 34.
Qxg6+ Rxg6 35. Rf2 Ke7 36. Rde2 Rcg8 37. Ke1 h5 38. Kd1 h4 39. fxg5 Rxg5 40.
Ke1 Rg3 41. Kf1 Kd6 42. Ke1 R8g5 43. Kf1 Rg8 44. Ke1 e5 45. Kf1 Rf8 46. Ke1
exd4 47. exd4 f4 48. Kf1 f3 49. Rxf3 Rfxf3+ 50. gxf3 Rxf3+ 51. Kg2 Rg3+ 52. Kh2
Rd3 53. Rd2 Rxd2+ 54. Nxd2 Nxb2 55. Kg2 Ke6 56. Kf3 Kf5 57. Nb1 Nd3 58. Ke3 Nf4
59. Kf3 Nxh3 60. Nd2 Nf4 61. Nb1 Nd3 62. Nd2 a4 63. Nb1 Ne1+ 64. Kf2 Nc2 65.
Kf3 Kg5 66. Kf2 Kf4 67. Kg2 Kg4 68. Kf2 h3 0-1

[Event "Brno festival"]
[Site "?"]
[Date "2015.08.25"]
[Round "4"]
[White "Feldvabl, Vilem"]
[Black "Hruza, Dominik"]
[Result "0-1"]
[WhiteElo "1628"]
[BlackElo "1652"]
[PlyCount "130"]

1. d4 d5 2. c4 c6 3. cxd5 cxd5 4. Nf3 Nf6 5. Nc3 Nc6 6. Bf4 Bf5 7. a3 e6 8. e3
a6 9. Bd3 Bxd3 10. Qxd3 Bd6 11. Bxd6 Qxd6 12. Rc1 O-O 13. O-O Rac8 14. b4 b5
15. Rc2 Rc7 16. Rfc1 Rfc8 17. Ne2 Nb8 18. Ne5 Nbd7 19. Nxd7 Nxd7 20. Rxc7 Rxc7
21. Rc3 Nb6 22. Qc2 Rc4 23. Rxc4 bxc4 24. Nc3 {(R)} Qc6 25. f3 g6 26. a4 Nc8
27. b5 Qd6 28. Qb2 a5 29. Na2 Nb6 30. Qc3 Nxa4 31. Qxa5 Qa3 32. Qd2 Qb3 33. e4
Qxb5 34. exd5 exd5 35. Qb4 Qxb4 36. Nxb4 Nb6 37. Kf2 f6 38. f4 Kf7 39. g4 Ke6
40. Ke3 Nc8 41. h4 Ne7 42. Nc2 {(R)} f5 43. g5 Kd6 44. Nb4 Nc6 45. Nc2 Kc7 46.
Kd2 Kb6 47. Kc3 Kb5 48. Na3+ Ka4 49. Nc2 Ne7 50. Ne3 Ka3 51. Nc2+ Ka2 52. Ne3
Kb1 53. Kd2 Kb2 54. Nd1+ Kb3 55. Nc3 Nc6 56. Ne2 Kb2 57. Nc3 Nxd4 58. Nxd5 Ne6
59. Nc3 Nxf4 60. Na4+ Ka3 61. Nb6 Kb4 62. Ke3 c3 63. Kxf4 c2 64. Nd5+ Kc5 65.
Nf6 c1=Q+ 0-1

[Event "Brno festival"]
[Site "?"]
[Date "2015.08.25"]
[Round "4"]
[White "Paulik, Martin"]
[Black "Koci, Tereza"]
[Result "1-0"]
[WhiteElo "1891"]
[BlackElo "1621"]
[PlyCount "87"]

1. c4 f5 2. Nf3 g6 3. Nc3 Nf6 4. g3 Bg7 5. Bg2 c6 6. d4 d6 7. O-O O-O 8. b3 Qe8
9. Bb2 e5 10. e3 e4 11. Nd2 d5 12. Rc1 a6 13. Qc2 Be6 14. cxd5 cxd5 15. Na4
Nbd7 16. Ba3 Rf7 17. b4 b6 18. Qc6 Rb8 19. Rfd1 b5 20. Nc5 Nxc5 21. Qxe8+ Nxe8
22. bxc5 Bf8 23. Bb4 Rc7 24. Rc3 Rbc8 25. Bf1 Bd7 26. Nb1 Ra7 27. Ba5 Rb7 28.
Rb3 Rcb8 29. Rc1 Bc6 30. Na3 Nc7 31. Nc2 Ne6 32. Nb4 Rc8 33. Bb6 Ng5 34. Rb2
Nf3+ 35. Kg2 Bh6 36. Rcb1 g5 37. Nxa6 f4 38. Bxb5 fxe3 39. fxe3 g4 40. Re2 Bxb5
41. Rxb5 Ra8 42. Nb4 Rd7 43. c6 Rd6 44. Rxd5 1-0

[Event "Brno festival"]
[Site "?"]
[Date "2015.08.25"]
[Round "4"]
[White "Perutka, Tomas"]
[Black "Glacner, Karel"]
[Result "1-0"]
[WhiteElo "1756"]
[BlackElo "1550"]
[PlyCount "51"]

1. e4 e5 2. Nf3 f5 3. Nxe5 Qe7 4. d4 d6 5. Nc4 Qxe4+ 6. Qe2 Nc6 7. c3 Nf6 8.
Bg5 Nd5 9. Qxe4+ fxe4 10. Ne3 Nxe3 11. Bxe3 d5 12. Bb5 a6 13. Bxc6+ bxc6 14.
Nd2 Bd6 15. O-O g5 16. f3 exf3 17. Nxf3 g4 18. Ng5 Bd7 19. Rae1 h5 20. Nf7
Bxh2+ 21. Kxh2 g3+ 22. Kg1 Be6 23. Nxh8 O-O-O 24. Bg5 Re8 25. Ng6 Kd7 26. Rf6
1-0

[Event "Brno festival"]
[Site "?"]
[Date "2015.08.25"]
[Round "4"]
[White "Lisik, Miroslav"]
[Black "Vavrinkova, Anna"]
[Result "1-0"]
[WhiteElo "1692"]
[BlackElo "1399"]
[PlyCount "79"]

1. e4 d5 2. exd5 Qxd5 3. Nc3 Qd6 4. d4 c6 5. Nf3 Bg4 6. Be3 Nf6 7. h3 Bh5 8. g4
Bg6 9. Ne5 Ne4 10. Bg2 Nxc3 11. bxc3 Nd7 12. Nxd7 Qxd7 13. Qd2 e6 14. O-O O-O-O
15. c4 h5 16. g5 Bf5 17. Rfd1 Kb8 18. Rab1 Bd6 19. Rb2 Ka8 20. Rdb1 Rb8 21. d5
Be5 22. dxc6 Qxd2 23. cxb7+ Rxb7 {Diagram #} 24. Bxb7+ Kb8 25. Bg2+ Bxb2 26.
Bxd2 Rd8 27. Rxb2+ Kc8 28. Bf4 Rd4 29. Rb8+ Kd7 30. Rb7+ Kc8 31. Be3 Rxc4 32.
Rxf7 Rxc2 33. Rxa7 g6 34. a4 Ra2 35. a5 Bd3 36. Bb7+ Kb8 37. a6 Ra1+ 38. Kh2
Rb1 39. Ra8+ Kc7 40. Rc8+ 1-0

[Event "Brno festival"]
[Site "?"]
[Date "2015.08.26"]
[Round "5"]
[White "Zwardon, Vojtech"]
[Black "Polak, Tomas"]
[Result "1/2-1/2"]
[WhiteElo "2398"]
[BlackElo "2524"]
[PlyCount "86"]

1. c4 e5 2. g3 Nf6 3. Bg2 Nc6 4. Nf3 Bc5 5. O-O d6 6. e3 O-O 7. d4 Bb6 8. h3
Re8 9. a3 a5 10. Nc3 h6 11. b3 Bf5 12. Bb2 exd4 13. exd4 Ne7 14. b4 axb4 15.
axb4 Rxa1 16. Qxa1 c6 17. Na4 d5 18. Nxb6 Qxb6 19. c5 Qxb4 20. Bc3 Qb5 21. Re1
Ng6 22. Rxe8+ Nxe8 23. Qa8 Kf8 24. Ba5 Qa6 25. Qd8 b5 26. cxb6 Qxa5 27. Qb8 Bc8
28. b7 {(R)} Bxb7 29. Qxb7 Qc7 30. Qa8 Ke7 31. h4 Nf6 32. Qa3+ Ke8 33. Qa8+ Ke7
34. Qa3+ Qd6 35. Qa7+ Kf8 36. Qa8+ Ne8 37. Bh3 f6 38. h5 Ne7 39. Nh4 Kf7 40.
Nf5 Qc7 41. Kg2 c5 42. Nxe7 Kxe7 43. Qxd5 cxd4 1/2-1/2